Science Quiz

Random Science or Elements Quiz

Hidden Elements - US States Quiz Stats

Quiz Updated Nov 6, 2016

Challenge
Share
Tweet
Embed
Score 0/112 Timer 08:00
1 Play Today
% Correct
Oxygen (O)
91.6%
Oxygen (O)
91.6%
Oxygen (O)
91.6%
Oxygen (O)
91.6%
Oxygen (O)
91.6%
Oxygen (O)
91.6%
Oxygen (O)
91.6%
Oxygen (O)
91.6%
Oxygen (O)
91.6%
Oxygen (O)
91.6%
Nitrogen (N)
83.3%
Nitrogen (N)
83.3%
Nitrogen (N)
83.3%
Nitrogen (N)
83.3%
Nitrogen (N)
83.3%
Nitrogen (N)
83.3%
Nitrogen (N)
83.3%
Nitrogen (N)
83.3%
Nitrogen (N)
83.3%
Nitrogen (N)
83.3%
Nitrogen (N)
83.3%
Aluminium (Al)
83%
Aluminium (Al)
83%
Aluminium (Al)
83%
Carbon (C)
82.8%
Carbon (C)
82.8%
Carbon (C)
82.7%
Carbon (C)
82.7%
Fluorine (F)
79.8%
Fluorine (F)
79.8%
Hydrogen (H)
78.5%
Hydrogen (H)
78.5%
Hydrogen (H)
78.5%
Potassium (K)
77.1%
Potassium (K)
77%
Iodine (I)
77%
Potassium (K)
77%
Iodine (I)
77%
% Correct
Iodine (I)
77%
Iodine (I)
77%
Iodine (I)
77%
Iodine (I)
77%
Iodine (I)
77%
Iodine (I)
77%
Iodine (I)
77%
Iodine (I)
76.9%
Lithium (Li)
70.6%
Lithium (Li)
70.6%
Neon (Ne)
69.3%
Neon (Ne)
69.3%
Neon (Ne)
69.3%
Boron (B)
69.3%
Boron (B)
69.3%
Sulfur (S)
68%
Sulfur (S)
68%
Sulfur (S)
68%
Sulfur (S)
68%
Sulfur (S)
68%
Sulfur (S)
68%
Sulfur (S)
68%
Calcium (Ca)
63.7%
Calcium (Ca)
63.7%
Cobalt (Co)
62.5%
Cobalt (Co)
62.5%
Tungsten (W)
61.7%
Sodium (Na)
60.3%
Copper (Cu)
59.2%
Argon (Ar)
59.1%
Nickel (Ni)
58.1%
Nickel (Ni)
58%
Nickel (Ni)
58%
Vanadium (V)
56.9%
Vanadium (V)
56.9%
Vanadium (V)
56.9%
Arsenic (As)
56%
Arsenic (As)
56%
% Correct
Uranium (U)
55.7%
Uranium (U)
55.7%
Germanium (Ge)
55.6%
Phosphorus (P)
53%
Silicon (Si)
51.8%
Radon (Rn)
51.3%
Barium (Ba)
50.6%
Radium (Ra)
49.6%
Indium (In)
48.9%
Indium (In)
48.9%
Indium (In)
48.9%
Indium (In)
48.9%
Bromine (Br)
48.9%
Titanium (Ti)
47.6%
Rhodium (Rh)
44.4%
Lanthanum (La)
42.6%
Lanthanum (La)
42.6%
Lanthanum (La)
42.6%
Iridium (Ir)
42.4%
Yttrium (Y)
42%
Molybdenum (Mo)
39.2%
Scandium (Sc)
38.5%
Erbium (Er)
37.5%
Einsteinium (Es)
37%
Americium (Am)
34.5%
Thorium (Th)
33.6%
Thorium (Th)
33.6%
Tantalum (Ta)
32.8%
Tantalum (Ta)
32.8%
Nobelium (No)
31.7%
Holmium (Ho)
27.7%
Roentgenium (Rg)
25.8%
Roentgenium (Rg)
25.8%
Neodymium (Nd)
23.4%
Flerovium (Fl)
20.9%
Livermorium (Lv)
20.2%

You're not logged in!

Compare scores with friends on all Sporcle quizzes.
Join for Free
OR
Log In

You Might Also Like...

Show Comments

Extras

Top Quizzes Today


Score Distribution

Your Account Isn't Verified!

In order to create a playlist on Sporcle, you need to verify the email address you used during registration. Go to your Sporcle Settings to finish the process.

Report this User

Report this user for behavior that violates our Community Guidelines.

Details: